[Event "22nd OIBM 2018"]
[Site "Gmund am Tegernsee"]
[Date "2018.11.04"]
[Round "9"]
[White "Koepke, Christian"]
[Black "Braun, Arik"]
[Result "0-1"]
[WhiteElo "2331"]
[BlackElo "2603"]
[Annotator "TA"]
[PlyCount "66"]
[EventDate "2018.10.27"]
[EventType "swiss"]
[EventCountry "GER"]
[SourceTitle "playchess.com"]
[Source "ChessBase"]
[SourceQuality "1"]

{[%evp 20,66,16,15,49,42,54,53,50,47,40,0,0,0,0,0,54,55,64,61,42,52,49,43,61,51,38,-251,-250,-254,-254,-220,-212,-206,-207,-272,-248,-379,-373,-358,-341,-584,-483,-1031,-1048,-1637,-1229,-3309,-2937]} 1. e4 g6 2. d4 Bg7 3. Nc3 d6 4. Be3 a6 5. h4 Nf6 6. f3 b5 7. Qd2 h5 8. O-O-O Nbd7 9. Nh3 Bb7 10. Ng5 e6 {B06: Modern Defence} 11. Kb1 {LiveBook: 8 Games} Nb6 12. Qf2 Nfd7 {White is slightly better.} 13. g3 Qe7 {[#]} 14. Ne2 $146 ({Predecessor:} 14. Bh3 Nc4 15. Bc1 b4 16. Ne2 Ndb6 17. Rhe1 c5 18. f4 O-O 19. f5 exf5 20. exf5 Qf6 21. Nf4 Bc8 22. Ne4 Qd8 23. f6 Bh8 24. dxc5 Nd7 25. Nd5 {1-0 (25) Bruzon Batista,L (2672)-Almeida Quintana,O (2520) Merida 2017}) 14... c5 15. Bg2 Nc4 16. Bc1 cxd4 17. Nxd4 O-O (17... Rc8 $11) 18. g4 $14 Nf6 $1 19. gxh5 Nxh5 20. b3 Ne5 21. f4 Ng4 22. Qe2 $1 {[%cal Re2g4]} Ngf6 {[#] Threatens to win with ...e5.} 23. Rh3 $2 {[%mdl 8192]} (23. Bf3 $14 {stays ahead.}) 23... e5 $19 24. fxe5 dxe5 25. Ndf3 Nf4 26. Bxf4 exf4 27. e5 Rad8 28. Nd4 (28. Rhh1 $142) 28... Bxg2 29. Qxg2 Qxe5 30. Ngf3 $2 (30. Rhd3) 30... Qh5 {Black is clearly winning.} 31. Rg1 (31. Rd3 $142 Ne4 32. Rh1) 31... Ne4 32. Nc6 Nc3+ 33. Kc1 {[#]} Qc5 $1 {[%mdl 512] Precision: White = 54%, Black = 80%.} 0-1

[Event "22nd OIBM 2018"]
[Site "Gmund am Tegernsee"]
[Date "2018.11.04"]
[Round "9"]
[White "Rietze, Clemens"]
[Black "Nikanova, Ekaterina"]
[Result "1/2-1/2"]
[WhiteElo "2293"]
[BlackElo "2088"]
[Annotator "NA"]
[PlyCount "43"]
[EventDate "2018.10.27"]
[EventType "swiss"]
[EventCountry "GER"]
[SourceTitle "playchess.com"]
[Source "ChessBase"]
[SourceQuality "1"]
[TimeControl "40/5400+30:1800+30"]

1. d4 {[%emt 0:00:00]} d6 {[%emt 0:00:00]} 2. e4 {[%emt 0:00:00]} g6 {[%emt 0:00:16]} 3. Nc3 {[%emt 0:00:16]} Bg7 {[%emt 0:00:19]} 4. Be3 {[%emt 0:00:06]} Nd7 {[%emt 0:01:51]} 5. Qd2 {[%emt 0:00:44]} c6 {[%emt 0:04:22]} 6. f3 {[%emt 0:10:51]} Ngf6 {[%emt 0:10:03]} 7. Bd3 {[%emt 0:06:48]} e5 {[%emt 0:05:19]} 8. Nge2 {[%emt 0:03:12]} O-O {[%emt 0:03:45]} 9. O-O-O {[%emt 0:10:22]} b5 {[%emt 0:01:56]} 10. dxe5 {[%emt 0:02:11]} dxe5 {[%emt 0:03:55]} 11. Kb1 {[%emt 0:02:07]} a5 {[%emt 0:06:49]} 12. Nc1 {[%emt 0:05:15]} a4 {[%emt 0:04:02]} 13. a3 {[%emt 0:01:13]} Qe7 {[%emt 0:13:23]} 14. N3a2 {[%emt 0:03:21]} Bb7 {[%emt 0:06:31]} 15. c4 {[%emt 0:04:48]} bxc4 {[%emt 0:06:21]} 16. Bxc4 {[%emt 0:00:18]} Rfb8 {[%emt 0:00:59]} 17. Ka1 {[%emt 0:08:43]} Bf8 {[%emt 0:01:42]} 18. g4 {[%emt 0:07:21]} Nc5 {[%emt 0:04:56]} 19. Qc3 Nfd7 20. Nb4 Nb3+ 21. Kb1 c5 22. Nd5 1/2-1/2

[Event "22nd OIBM 2018"]
[Site "Gmund am Tegernsee"]
[Date "2018.11.04"]
[Round "9"]
[White "Imnadze, Nato"]
[Black "Gschwendtner, Klaus"]
[Result "1/2-1/2"]
[WhiteElo "2291"]
[BlackElo "2086"]
[Annotator "NA"]
[PlyCount "150"]
[EventDate "2018.10.27"]
[EventType "swiss"]
[EventCountry "GER"]
[SourceTitle "playchess.com"]
[Source "ChessBase"]
[SourceQuality "1"]
[TimeControl "40/5400+30:1800+30"]

1. e4 e5 2. Nf3 Nc6 3. Bb5 a6 4. Ba4 d6 5. d3 {[%emt 0:04:35]} b5 {[%emt 0:04:21]} 6. Bb3 {[%emt 0:00:02]} Na5 {[%emt 0:00:38]} 7. Nc3 {[%emt 0:05:26]} Nxb3 {[%emt 0:00:10]} 8. axb3 {[%emt 0:00:04]} Bb7 {[%emt 0:02:53]} 9. b4 {[%emt 0:04:47]} g6 {[%emt 0:08:52]} 10. O-O {[%emt 0:03:19]} Bg7 {[%emt 0:00:27]} 11. Bg5 f6 {[%emt 0:06:36]} 12. Be3 {[%emt 0:05:27]} Ne7 {[%emt 0:00:45]} 13. d4 {[%emt 0:02:29]} O-O {[%emt 0:06:33]} 14. dxe5 {[%emt 0:02:06]} fxe5 {[%emt 0:05:02]} 15. Ng5 {[%emt 0:07:36]} Qd7 {[%emt 0:02:20]} 16. Nd5 {[%emt 0:01:06]} Rac8 {[%emt 0:03:21]} 17. Qd3 {[%emt 0:07:20]} h6 {[%emt 0:01:53]} 18. Nxe7+ {[%emt 0:02:16]} Qxe7 {[%emt 0:00:12]} 19. Qb3+ {[%emt 0:01:59]} Kh8 {[%emt 0:00:26]} 20. Ne6 {[%emt 0:01:41]} Rf6 {[%emt 0:00:32]} 21. Nxg7 {[%emt 0:00:40]} Kxg7 {[%emt 0:00:01]} 22. Qd3 {[%emt 0:04:04]} Qe6 {[%emt 0:01:47]} 23. b3 {[%emt 0:08:12]} g5 {[%emt 0:01:39]} 24. f3 {[%emt 0:02:15]} Rcf8 {[%emt 0:02:43]} 25. c4 {[%emt 0:02:29]} bxc4 {[%emt 0:07:25]} 26. bxc4 {[%emt 0:00:20]} R8f7 {[%emt 0:00:12]} 27. b5 {[%emt 0:05:28]} axb5 {[%emt 0:01:27]} 28. cxb5 {[%emt 0:00:15]} d5 {[%emt 0:04:48]} 29. exd5 {[%emt 0:02:21]} Bxd5 {[%emt 0:00:13]} 30. Ra6 {[%emt 0:09:27]} Bc4 {[%emt 0:03:32]} 31. Qe4 {[%emt 0:05:03]} Qd5 {[%emt 0:01:36]} 32. Qxd5 {[%emt 0:00:28]} Bxd5 {[%emt 0:00:01]} 33. Rc1 {[%emt 0:00:01]} Rd7 {[%emt 0:02:02]} 34. Bf2 {[%emt 0:04:28]} Re6 {[%emt 0:09:56]} 35. Bg3 {[%emt 0:01:48]} Kf7 {[%emt 0:01:17]} 36. Rxe6 {[%emt 0:01:22]} Kxe6 {[%emt 0:00:00]} 37. Re1 {[%emt 0:00:22]} e4 {[%emt 0:00:00]} 38. fxe4 {[%emt 0:00:44]} Bc4 {[%emt 0:00:00]} 39. Rb1 {[%emt 0:03:35]} h5 {[%emt 0:02:02]} 40. h3 {[%emt 0:04:06]} h4 {[%emt 0:11:55]} 41. b6 {[%emt 0:13:11]} cxb6 {[%emt 0:00:44]} 42. Rxb6+ {[%emt 0:00:04]} Kf7 {[%emt 0:00:13]} 43. Bd6 {[%emt 0:01:33]} Ra7 {[%emt 0:02:55]} 44. Be5 {[%emt 0:03:37]} Be6 {[%emt 0:04:29]} 45. Rb2 {[%emt 0:04:48]} Ra1+ {[%emt 0:00:58]} 46. Kh2 {[%emt 0:00:18]} Ra5 {[%emt 0:06:46]} 47. Rb7+ {[%emt 0:00:34]} Kg6 {[%emt 0:01:36]} 48. Rg7+ {[%emt 0:00:49]} Kh6 {[%emt 0:00:01]} 49. Bf6 {[%emt 0:00:50]} Ra4 {[%emt 0:02:10]} 50. e5 {[%emt 0:02:12]} g4 {[%emt 0:00:34]} 51. hxg4 {[%emt 0:00:12]} Rxg4 {[%emt 0:01:16]} 52. Rxg4 {[%emt 0:04:50]} Bxg4 {[%emt 0:00:02]} 53. Bxh4 {[%emt 0:00:01]} Kg6 {[%emt 0:00:36]} 54. Kg3 {[%emt 0:00:11]} Bd7 {[%emt 0:02:10]} 55. Kf4 {[%emt 0:00:04]} Kh5 {[%emt 0:01:31]} 56. Bf6 {[%emt 0:00:33]} Be6 {[%emt 0:00:24]} 57. g3 {[%emt 0:00:46]} Kg6 {[%emt 0:01:43]} 58. g4 {[%emt 0:03:56]} Bd5 {[%emt 0:00:22]} 59. Bd8 {[%emt 0:00:28]} Be6 {[%emt 0:00:19]} 60. g5 {[%emt 0:00:54]} Bd5 {[%emt 0:00:50]} 61. Bf6 {[%emt 0:00:01]} Kf7 {[%emt 0:02:02]} 62. Kf5 {[%emt 0:00:34]} Be6+ {[%emt 0:00:01]} 63. Ke4 {[%emt 0:00:01]} Ba2 {[%emt 0:00:27]} 64. Kd4 {[%emt 0:00:09]} Be6 {[%emt 0:00:46]} 65. Kc5 {[%emt 0:00:01]} Bh3 {[%emt 0:00:17]} 66. Kd6 {[%emt 0:00:04]} Bf5 {[%emt 0:00:23]} 67. Bd8 {[%emt 0:01:56]} Bg4 {[%emt 0:00:21]} 68. Bb6 {[%emt 0:00:47]} Bf5 {[%emt 0:00:21]} 69. Kd5 {[%emt 0:00:44]} Be6+ {[%emt 0:00:17]} 70. Ke4 {[%emt 0:00:05]} Kg6 {[%emt 0:00:19]} 71. Bd8 {[%emt 0:00:33]} Bb3 {[%emt 0:00:06]} 72. Kd4 {[%emt 0:00:16]} Be6 {[%emt 0:00:11]} 73. Kc5 {[%emt 0:00:12]} Kf7 {[%emt 0:00:12]} 74. Bf6 {[%emt 0:00:08]} Bf5 {[%emt 0:00:07]} 75. Kd6 {[%emt 0:00:05]} Bg4 {[%emt 0:00:08]} 1/2-1/2

[Event "22nd OIBM 2018"]
[Site "Gmund am Tegernsee"]
[Date "2018.11.04"]
[Round "9"]
[White "Schuster, Karsten"]
[Black "Petrosyan, Manuel"]
[Result "0-1"]
[WhiteElo "2283"]
[BlackElo "2574"]
[Annotator "TA"]
[PlyCount "102"]
[EventDate "2018.10.27"]
[EventType "swiss"]
[EventCountry "GER"]
[SourceTitle "playchess.com"]
[Source "ChessBase"]
[SourceQuality "1"]

{[%evp 23,102,0,0,-7,-12,-62,-61,-89,-80,-101,-78,-75,-77,-109,-108,-115,-118,-120,-41,-151,-153,-172,-173,-219,-125,-124,-105,-105,-105,-105,-105,-105,-94,-104,-100,-114,-97,-131,-115,-136,-105,-87,-112,-144,-149,-148,-142,-150,-147,-158,-160,-169,-175,-230,-218,-210,-197,-361,-355,-349,-314,-584,-576,-560,-540,-504,-480,-1816,-1633,-1443,-1235,-1139,-726,-1220,-751,-5114,-5069,-4710,-4710,-4134,-2925]} 1. d4 Nf6 2. c4 e6 3. Nc3 Bb4 4. Qc2 O-O 5. a3 Bxc3+ 6. Qxc3 d6 7. Bg5 Nbd7 8. e3 b6 9. Bd3 Bb7 10. f3 h6 11. Bh4 e5 12. Bf5 {E32: Nimzo-Indian: Classical (4 Qc2): 4...0-0} exd4 {LiveBook: 7 Games} (12... g5 13. Bg3 Qe7 14. Ne2 Rfe8 15. O-O Nf8 16. dxe5 dxe5 17. Rad1 Nh5 18. Rd2 Ng7 19. Bb1 h5 {1-0 (41) Hoang,T (2511)-Eljanov,P (2733) Caleta 2014}) 13. exd4 Re8+ 14. Kf1 $146 {The position is equal.} ({Predecessor:} 14. Kf2 Ng4+ 15. Bxg4 Qxh4+ 16. g3 Qe7 17. Bxd7 Qxd7 18. Ne2 Re7 19. Rae1 Rae8 {1-0 (57) Bach,N (2161)-Esadze,T (1911) Batumi 2018}) 14... Nf8 15. Ne2 d5 16. Re1 dxc4 17. Qxc4 a5 {Strongly threatening ...Ba6.} 18. Bd3 Ba6 19. Qc3 Bxd3 20. Qxd3 Ng6 ({Black should try} 20... c5 $17 21. Qf5 N8d7) 21. Bxf6 (21. Bg3 $15) 21... Qxf6 $17 22. Kf2 Rad8 23. Qc3 {[#]} Rd7 (23... c5 $1 $19 {[%cal Rc5d4][%mdl 512]} 24. d5 (24. dxc5 Ne5) 24... Ne5) 24. g3 Ne7 25. Nf4 Qxd4+ 26. Qxd4 Rxd4 27. Re2 g6 28. Rhe1 Kf8 29. h4 Rd7 30. g4 Red8 31. Kg3 Nd5 32. Nxd5 Rxd5 {[%mdl 4096] Endgame KRR-KRR} 33. Rc1 c5 {[%cal Bc7c5,Bc5c4][%mdl 32]} 34. Rc3 Rd3 35. Re3 Rxc3 36. Rxc3 {KR-KR} Ke7 37. Re3+ Kd6 38. Kf4 {[#]} (38. Rd3+ {is the only way for White.} Ke7 39. Re3+ Kf6 40. f4) 38... c4 $1 $19 39. h5 Rc8 40. a4 $2 (40. hxg6 fxg6 41. a4) 40... gxh5 41. gxh5 Rc5 42. Kg4 $2 (42. Re8 Rxh5 43. Rf8) 42... b5 {Black is clearly winning.} 43. axb5 Rxb5 44. Re2 a4 45. f4 (45. Kf4 $142 Rxh5 46. Rd2+ Kc5 47. Ke4) 45... f5+ 46. Kh4 Rb6 47. Kg3 Rb3+ 48. Kg2 Kd5 49. Kf2 Kd4 50. Rd2+ Ke4 51. Ke2 Kxf4 {Accuracy: White = 36%, Black = 80%.} 0-1

[Event "22nd OIBM 2018"]
[Site "Gmund am Tegernsee"]
[Date "2018.11.04"]
[Round "9"]
[White "Maier, Alexander"]
[Black "Mons, Leon"]
[Result "0-1"]
[WhiteElo "2275"]
[BlackElo "2554"]
[Annotator "TA"]
[PlyCount "134"]
[EventDate "2018.10.27"]
[EventType "swiss"]
[EventCountry "GER"]
[SourceTitle "playchess.com"]
[Source "ChessBase"]
[SourceQuality "1"]

{[%evp 9,134,-5,7,-2,2,-15,5,-14,-2,0,0,0,0,0,28,24,19,14,42,21,30,10,61,50,45,54,55,-31,-7,-31,28,15,26,33,93,56,40,59,52,0,0,-8,0,0,0,0,0,0,0,0,6,0,0,0,0,0,0,0,0,0,0,0,0,0,0,0,0,0,0,0,0,0,0,0,0,0,0,0,0,0,0,0,0,0,0,0,0,0,0,0,0,0,0,-176,-176,-200,-181,-237,-12,-29,-12,-19,-19,-21,-8,-1517,-1510,-29964,-29966,-29960,-29964,-29963,-4598,-29972,-29975,-29975,-29976,-29977,-29978,-29979,-29980,-29980,-29981,-29981,-29982,-29982,-29983]} 1. e4 g6 2. Nc3 Bg7 3. g3 e6 (3... c5 4. Bg2 Nc6 5. d3 d6 6. Be3 e5 7. Nh3 Nge7 8. f4 Nd4 9. O-O Bd7 10. Rf2 f6 11. Qf1 O-O 12. Re1 Qa5 13. a3 Kh8 14. Kh1 Rae8 15. Bc1 Qc7 16. Nd1 Be6 17. Ne3 {½-½ (54) McShane,L (2687)-Hillarp Persson,T (2539) Reykjavik 2015}) 4. Bg2 Ne7 5. d3 d5 6. Bd2 $146 {B06: Modern Defence} ({Predecessor:} 6. h4 h6 7. Bd2 c5 8. exd5 exd5 9. Nge2 Na6 10. Nf4 Nc7 11. Qe2 {0-1 (34) Sikorova,O (2276)-Macicek,J (2159) Czechia 2011}) 6... c5 7. Qc1 h5 8. Nf3 {The position is equal.} Nbc6 9. exd5 exd5 10. O-O O-O 11. Bh6 Be6 12. Bxg7 Kxg7 13. Re1 Qd7 14. Qf4 Nf5 15. Ne5 Qd8 ({Black should play} 15... Qd6 $11) 16. Nxc6 $14 bxc6 17. Na4 Qa5 18. Qe5+ ({Better is} 18. b3 $14) 18... Kg8 19. b3 $1 Rae8 (19... Nd4 $15 20. Rab1 Rae8) 20. c3 Bd7 21. Qf6 d4 (21... Nd4 $14) 22. Re5 (22. Bxc6 $2 Qa6 $17) (22. Rac1 {looks sharper.} Rxe1+ 23. Rxe1 h4 24. Re4 hxg3 25. hxg3 dxc3 26. Qxc3 Qxc3 27. Nxc3 Be6 28. Ra4) 22... Rxe5 23. Qxe5 dxc3 24. Qxc5 (24. Qxc3 $14 Qxc3 25. Nxc3) 24... Qxc5 $11 25. Nxc5 Rd8 26. Bh3 Be6 27. Bxf5 Bxf5 {[%mdl 4096] Endgame KRB-KRN} 28. Rc1 Bxd3 29. Rxc3 Bf5 30. Kg2 Rd2 31. a3 Kf8 32. b4 Ke7 33. Re3+ Kd6 34. Ne4+ Bxe4+ $1 35. Rxe4 {KR-KR} Rd3 36. a4 Ra3 37. a5 Rb3 38. h3 a6 39. Rd4+ Ke5 40. Rc4 Kd5 41. Rc5+ Kd6 42. Rc4 Rd3 43. Re4 Rd5 44. Re8 Rb5 45. Ra8 Rxb4 46. Rxa6 Rb7 47. Kf3 Re7 48. Ra8 Kc5 49. Kf4 Kb5 50. h4 c5 51. Rc8 $2 (51. a6 $11) 51... Re6 $1 $19 52. Rc7 {[#]} f6 $1 53. f3 {[#]} (53. Kf3 $142) 53... c4 $2 (53... f5 $1 $19 54. Rc8 c4) 54. g4 $1 $11 Kb4 55. gxh5 gxh5 {Hoping for ...c3.} 56. Kf5 $1 {[%cal Rf5e6]} Ra6 57. Kg6 $2 {[%mdl 8192]} (57. Ke4 $11) 57... Rxa5 $19 58. Kxf6 c3 {[%cal Bc4c3,Bc3c2][%mdl 32]} 59. f4 Rc5 60. Rb7+ Ka3 (60... Kc4 $142 61. Rb1 Kd3 62. f5 c2 63. Rc1 Kd2 64. Rxc2+ Rxc2 65. Kg6 Ke3 66. Kxh5 Kf4 67. Kg6 Rc6+ 68. f6 Ke5 69. h5 Rxf6+ 70. Kg5 Rf2 71. Kg6 Ke6 72. Kg5 Kf7 73. h6 Kg8 74. Kg6 Kh8 75. h7 Rf1 76. Kg5 Kxh7 77. Kg4 Kh6 78. Kh4 Rg1 79. Kh3 Kh5 80. Kh2 Rg4 81. Kh1 Kg5 82. Kh2 Kh4 83. Kh1 Kg3 84. Kg1 Rf4 85. Kh1 Rf1#) 61. Rb1 c2 {Black mates.} 62. Rf1 Rd5 63. Rc1 Kb2 64. Rxc2+ Kxc2 65. f5 Kd3 66. Kg6 Ke4 67. f6 Rf5 {Precision: White = 50%, Black = 59%.} 0-1

[Event "22nd OIBM 2018"]
[Site "Gmund am Tegernsee"]
[Date "2018.11.04"]
[Round "9"]
[White "Lipok, Christoph"]
[Black "Freundorfer, Josef"]
[Result "1-0"]
[WhiteElo "2271"]
[BlackElo "2114"]
[Annotator "NA"]
[PlyCount "63"]
[EventDate "2018.10.27"]
[EventType "swiss"]
[EventCountry "GER"]
[SourceTitle "playchess.com"]
[Source "ChessBase"]
[SourceQuality "1"]
[TimeControl "40/5400+30:1800+30"]

1. d4 {[%emt 0:00:00]} Nf6 {[%emt 0:00:00]} 2. c4 {[%emt 0:00:00]} e5 {[%emt 0:00:00]} 3. dxe5 {[%emt 0:00:00]} Ne4 {[%emt 0:00:00]} 4. a3 {[%emt 0:00:00]} d6 {[%emt 0:00:00]} 5. Nf3 {[%emt 0:01:47]} Nc6 {[%emt 0:00:15]} 6. Qc2 {[%emt 0:00:17]} d5 {[%emt 0:08:03]} 7. Nc3 {[%emt 0:02:36]} Nxc3 {[%emt 0:03:19]} 8. Qxc3 {[%emt 0:00:49]} d4 {[%emt 0:03:02]} 9. Qd3 {[%emt 0:02:52]} g6 {[%emt 0:15:33]} 10. Bg5 {[%emt 0:04:27]} Be7 {[%emt 0:00:33]} 11. Bf4 {[%emt 0:04:17]} a5 {[%emt 0:08:39]} 12. O-O-O {[%emt 0:06:32]} Bf5 {[%emt 0:03:30]} 13. e4 {[%emt 0:01:14]} Bg4 {[%emt 0:00:50]} 14. Be2 {[%emt 0:01:14]} Bxf3 {[%emt 0:01:11]} 15. Bxf3 {[%emt 0:01:00]} h5 {[%emt 0:15:26]} 16. e6 {[%emt 0:07:41]} g5 {[%emt 0:00:58]} 17. exf7+ {[%emt 0:00:51]} Kxf7 {[%emt 0:00:11]} 18. Bd2 {[%emt 0:10:55]} Ne5 {[%emt 0:00:20]} 19. Qb3 {[%emt 0:00:17]} c6 {[%emt 0:01:21]} 20. c5+ {[%emt 0:02:25]} Kf6 {[%emt 0:04:45]} 21. h4 {[%emt 0:03:29]} g4 {[%emt 0:04:10]} 22. Be2 {[%emt 0:03:47]} Qd7 {[%emt 0:02:49]} 23. Bg5+ {[%emt 0:04:41]} Kg7 {[%emt 0:01:05]} 24. f4 {[%emt 0:02:02]} gxf3 {[%emt 0:01:04]} 25. gxf3 {[%emt 0:00:07]} Bxg5+ {[%emt 0:00:50]} 26. hxg5 {[%emt 0:00:07]} Qe7 {[%emt 0:01:21]} 27. f4 {[%emt 0:01:46]} Nd7 {[%emt 0:04:30]} 28. Rxd4 {[%emt 0:03:03]} Nxc5 {[%emt 0:02:17]} 29. Qc3 {[%emt 0:00:35]} Kf8 {[%emt 0:00:25]} 30. Rd8+ {[%emt 0:02:17]} Qxd8 {[%emt 0:01:14]} 31. Qxh8+ {[%emt 0:00:07]} Ke7 {[%emt 0:00:15]} 32. Qf6+ {[%emt 0:00:38]} 1-0

[Event "22nd OIBM 2018"]
[Site "Gmund am Tegernsee"]
[Date "2018.11.04"]
[Round "9"]
[White "Heimrath, Reiner"]
[Black "Gruettner, Ralf"]
[Result "1/2-1/2"]
[WhiteElo "2262"]
[BlackElo "2112"]
[Annotator "NA"]
[PlyCount "130"]
[EventDate "2018.10.27"]
[EventType "swiss"]
[EventCountry "GER"]
[SourceTitle "playchess.com"]
[Source "ChessBase"]
[SourceQuality "1"]

1. e4 Nf6 2. Qe2 e5 3. f4 d6 4. Nf3 Nc6 5. c3 Bg4 6. h3 Bxf3 7. Qxf3 Be7 8. Bb5 Qd7 9. O-O O-O 10. Kh1 a6 11. Ba4 Rad8 12. d3 b5 13. Bb3 Na5 14. Bc2 c5 15. Be3 Nc6 16. Nd2 d5 17. fxe5 dxe4 18. dxe4 Nxe5 19. Qg3 Ng6 20. Rf5 Bd6 21. Qf2 Qc7 22. Bg5 Bg3 23. Qe3 Bh4 24. Bxh4 Nxh4 25. Rxc5 Qxc5 26. Qxc5 Rxd2 27. Qg5 Rxc2 28. Qxh4 Re8 29. Re1 Rxb2 30. e5 Nd7 31. a4 Nf8 32. Qe4 bxa4 33. Qxa4 Ra8 34. c4 Ne6 35. Rc1 h6 36. c5 Rb7 37. c6 Rc7 38. Qa5 Rac8 39. Qxa6 Nd8 40. Qb6 Ne6 41. Rc4 Kh8 42. Kg1 Kg8 43. Kf2 Kh8 44. h4 Kg8 45. Qa6 Kh8 46. g4 Kg8 47. Qa3 Kh7 48. Qd3+ Kg8 49. Qd6 Rd8 50. g5 hxg5 51. hxg5 g6 52. Kg3 Rdc8 53. Kg4 Kg7 54. Rc1 Kg8 55. Qa3 Nd8 56. Qf3 Nxc6 57. Rc5 Nd4 58. Rxc7 Rxc7 59. Qa8+ Kg7 60. Qd8 Ne6 61. Qf6+ Kg8 62. Qf1 Rd7 63. Qc1 Rd4+ 64. Kg3 Kg7 65. Qe3 Rd8 1/2-1/2

[Event "22nd OIBM 2018"]
[Site "Gmund am Tegernsee"]
[Date "2018.11.04"]
[Round "9"]
[White "Cordts, Ingo"]
[Black "Konik, Michael"]
[Result "1/2-1/2"]
[WhiteElo "2255"]
[BlackElo "2083"]
[Annotator "NA"]
[PlyCount "79"]
[EventDate "2018.10.27"]
[EventType "swiss"]
[EventCountry "GER"]
[SourceTitle "playchess.com"]
[Source "ChessBase"]
[SourceQuality "1"]

1. Nf3 d5 2. d4 Nf6 3. c4 e6 4. g3 Be7 5. Bg2 O-O 6. O-O dxc4 7. Ne5 c5 8. dxc5 Bxc5 9. Bg5 Nbd7 10. Nxc4 Qe7 11. Nc3 Rd8 12. Qb3 h6 13. Be3 Rb8 14. Bxc5 Nxc5 15. Qb4 Qf8 16. Qa5 b6 17. Qxa7 Bb7 18. Nxb6 Bxg2 19. Kxg2 Qd6 20. Rfd1 Qc6+ 21. Kh3 Re8 22. Nba4 Nce4 23. f3 Nxc3 24. Nxc3 Rxb2 25. Rac1 Ra8 26. Qe7 Re8 27. Rd8 Rxd8 28. Qxd8+ Kh7 29. Qd3+ Kg8 30. Rb1 Rxb1 31. Nxb1 Qc1 32. e4 g5 33. g4 h5 34. Nd2 Qg1 35. Qe2 Kg7 36. Nf1 hxg4+ 37. fxg4 Nxe4 38. Qxe4 Qxf1+ 39. Kg3 Qg1+ 40. Kh3 1/2-1/2

[Event "22nd OIBM 2018"]
[Site "Gmund am Tegernsee"]
[Date "2018.11.04"]
[Round "9"]
[White "Jahnz, Fabian"]
[Black "Lochte, Thomas"]
[Result "1-0"]
[WhiteElo "2244"]
[BlackElo "2095"]
[Annotator "NA"]
[PlyCount "41"]
[EventDate "2018.10.27"]
[EventType "swiss"]
[EventCountry "GER"]
[SourceTitle "playchess.com"]
[Source "ChessBase"]
[SourceQuality "1"]

1. e4 e5 2. Nf3 Nc6 3. Bc4 Nf6 4. d3 Bc5 5. c3 d6 6. O-O Bg4 7. Nbd2 a6 8. a4 Qd7 9. b4 Bb6 10. Bb3 d5 11. a5 Ba7 12. Ba4 O-O-O 13. Qc2 Rhe8 14. b5 axb5 15. Bxb5 Bxf3 16. Nxf3 dxe4 17. dxe4 Ng4 18. a6 Nxf2 19. axb7+ Kxb7 20. Rxa7+ Kxa7 21. Qa4+ 1-0

[Event "22nd OIBM 2018"]
[Site "Gmund am Tegernsee"]
[Date "2018.11.04"]
[Round "9"]
[White "Ciolek, Andreas"]
[Black "Jarmula, Lukasz"]
[Result "1-0"]
[WhiteElo "2241"]
[BlackElo "2492"]
[Annotator "TA"]
[PlyCount "75"]
[EventDate "2018.10.27"]
[EventType "swiss"]
[EventCountry "GER"]
[SourceTitle "playchess.com"]
[Source "ChessBase"]
[SourceQuality "1"]

1. c4 c5 2. g3 Nc6 3. Bg2 g6 4. Nc3 Bg7 5. a3 a5 6. Nf3 d6 7. O-O e5 8. e3 Be6 9. Qa4 Nge7 10. d4 cxd4 11. exd4 exd4 12. Nb5 O-O 13. Rd1 Bg4 14. Bf4 Be5 15. Bh6 Re8 16. h3 Bxf3 17. Bxf3 Nf5 18. Bd2 Qb6 19. Kg2 Bg7 20. Bf4 Ne5 21. Bd5 Rac8 22. Bd2 Rxc4 23. b4 Rb8 24. f4 Ne7 25. fxe5 Nxd5 26. Nxd6 Rc7 27. bxa5 Qb2 28. Rab1 Ne3+ 29. Kg1 Nxd1 30. Rxb2 Nxb2 31. Qxd4 Re7 32. Bf4 Rd8 33. Kg2 Re6 34. Qb6 Rd7 35. a6 Na4 36. axb7 Nxb6 37. b8=Q+ Bf8 38. Bh6 1-0

[Event "22nd OIBM 2018"]
[Site "Gmund am Tegernsee"]
[Date "2018.11.04"]
[Round "9"]
[White "Wessendorf, Thomas"]
[Black "Hanisch, Sebastian"]
[Result "0-1"]
[WhiteElo "2235"]
[BlackElo "2093"]
[Annotator "NA"]
[PlyCount "100"]
[EventDate "2018.10.27"]
[EventType "swiss"]
[EventCountry "GER"]
[SourceTitle "playchess.com"]
[Source "ChessBase"]
[SourceQuality "1"]

1. e4 e6 2. d4 d5 3. Nd2 Nf6 4. e5 Nfd7 5. c3 c5 6. Bd3 Nc6 7. Ne2 cxd4 8. cxd4 f6 9. exf6 Nxf6 10. Nf3 Bd6 11. O-O Qc7 12. g3 O-O 13. Bf4 Ng4 14. Bxd6 Qxd6 15. Nf4 Rxf4 16. gxf4 Qxf4 17. h3 e5 18. hxg4 Bxg4 19. Be2 e4 20. Nh2 Bh3 21. Qc1 Nxd4 22. Re1 Qf5 23. Qc3 Qg6+ 24. Qg3 Qxg3+ 25. fxg3 Nc2 26. g4 Nxa1 27. Rxa1 Rc8 28. Bd1 Kf7 29. Bb3 Ke6 30. Rd1 Rd8 31. Kf2 h5 32. Re1 Ke5 33. gxh5 Kf4 34. Rg1 Rd7 35. Ba4 Re7 36. Rd1 Re5 37. Nf1 Bxf1 38. Rxf1 Rxh5 39. Ke2+ Ke5 40. Bd7 Rh2+ 41. Rf2 Rxf2+ 42. Kxf2 Kf4 43. Be6 d4 44. Bc4 d3 45. Bd5 b6 46. Bc4 g5 47. Be6 g4 48. Bc4 g3+ 49. Kg2 Ke3 50. Kxg3 Kd2 0-1

[Event "22nd OIBM 2018"]
[Site "Gmund am Tegernsee"]
[Date "2018.11.04"]
[Round "9"]
[White "Hinrichs, Lars"]
[Black "Yi, Danny"]
[Result "1/2-1/2"]
[WhiteElo "2233"]
[BlackElo "2092"]
[Annotator "NA"]
[PlyCount "62"]
[EventDate "2018.10.27"]
[EventType "swiss"]
[EventCountry "GER"]
[SourceTitle "playchess.com"]
[Source "ChessBase"]
[SourceQuality "1"]

1. b3 Nf6 2. Bb2 c5 3. Nf3 Nc6 4. e3 d5 5. Bb5 e6 6. Ne5 Qc7 7. O-O Bd6 8. f4 Bd7 9. Nxd7 Qxd7 10. Bxf6 gxf6 11. c4 O-O-O 12. cxd5 exd5 13. Qf3 Be7 14. f5 a6 15. Bxc6 Qxc6 16. Nc3 Rhg8 17. Rac1 Kb8 18. Na4 Qb5 19. Rc2 Rg5 20. Rfc1 Rdg8 21. d4 Qd3 22. Nxc5 Bxc5 23. dxc5 Rxf5 24. Qe2 Qe4 25. Rf1 Rfg5 26. Rf2 d4 27. exd4 Qxd4 28. Qf3 Rxg2+ 29. Qxg2 Rxg2+ 30. Kxg2 Qg4+ 31. Kf1 Qd1+ 1/2-1/2

[Event "22nd OIBM 2018"]
[Site "Gmund am Tegernsee"]
[Date "2018.11.04"]
[Round "9"]
[White "Bente, Bjoern"]
[Black "Pezerovic, Edin"]
[Result "1/2-1/2"]
[WhiteElo "2228"]
[BlackElo "2420"]
[Annotator "TA"]
[PlyCount "86"]
[EventDate "2018.10.27"]
[EventType "swiss"]
[EventCountry "GER"]
[SourceTitle "playchess.com"]
[Source "ChessBase"]
[SourceQuality "1"]

1. e4 c6 2. d4 d5 3. e5 Bf5 4. h4 h6 5. g4 Bd7 6. h5 e6 7. c4 c5 8. Nf3 Nc6 9. Nc3 cxd4 10. Nxd4 Qc7 11. f4 Nxd4 12. Qxd4 Bc5 13. Qd3 dxc4 14. Qxc4 O-O-O 15. Ne4 Bc6 16. Qxc5 Bxe4 17. Qxc7+ Kxc7 18. Rh2 Ne7 19. Bd2 Nc6 20. Bc3 Rd5 21. Rd2 g6 22. hxg6 fxg6 23. Bc4 Rxd2 24. Kxd2 Nd8 25. Ke3 Bc6 26. Bd3 h5 27. Rg1 h4 28. Bxg6 h3 29. Be4 h2 30. Rh1 Rh3+ 31. Kd4 Bb5 32. Kc5 Be2 33. f5 Nc6 34. fxe6 b6+ 35. Kd5 Ne7+ 36. Kd4 Nc6+ 37. Kd5 Bxg4 38. Bd2 Ne7+ 39. Kd4 Bxe6 40. Bf4 Rh4 41. Ke3 Rh3+ 42. Kd4 Rh4 43. Ke3 Rh3+ 1/2-1/2